September '65 (Record no. 549705)

000 -LEADER
fixed length control field 00441nam a2200157Ia 4500
020 ## - INTERNATIONAL STANDARD BOOK NUMBER
International Standard Book Number (hb)
082 ## - DEWEY DECIMAL CLASSIFICATION NUMBER
Classification number 954.91
Author Mark CHA
-- L-30 II, P-77
100 ## - MAIN ENTRY--PERSONAL NAME
Personal name Chaudhry, Amjad Ali Khan
9 (RLIN) 46357
245 ## - TITLE STATEMENT
Title September '65
Remainder of title before and after
260 ## - PUBLICATION, DISTRIBUTION, ETC.
Place of publication, distribution, etc. Lahore:
Name of publisher, distributor, etc. Ferozsons,
Date of publication, distribution, etc. 1977
300 ## - PHYSICAL DESCRIPTION
Extent 113p. :ill.
526 ## - STUDY PROGRAM INFORMATION NOTE
Program name 0
Interest level 0
Reading level 0
Title point value 954_910000000000000_CHA
650 ## - SUBJECT ADDED ENTRY--TOPICAL TERM
Topical term or geographic name entry element India -- Pakistan Conflict- 1965
9 (RLIN) 10110
650 ## - SUBJECT ADDED ENTRY--TOPICAL TERM
Topical term or geographic name entry element MCE
9 (RLIN) 379
942 ## - ADDED ENTRY ELEMENTS (KOHA)
Source of classification or shelving scheme
Koha item type Book
Holdings
Withdrawn status Lost status Source of classification or shelving scheme Damaged status Not for loan Permanent Location Current Location Date acquired Total Checkouts Full call number Barcode Date last seen Price effective from Koha item type
          Military College of Engineering (MCE) Military College of Engineering (MCE) 10/09/2014   954.91 CHA MCE-8558 10/09/2014 10/09/2014 Book
© 2023 Central Library, National University of Sciences and Technology. All Rights Reserved.